000 01098nam0a2200337 4500
001 RU\NLR\BIBL_A\012931708
005 20230109142410.0
010 _a978-5-17-136680-3
_92000
021 _aRU
_bКН-П-22-067195
_9КН-П-22-5841
035 _a(NLR Aleph) 012931708
035 _a(RuMoRGB)011248956
090 _a12676646
_c12676646
100 _a20221107d2022 u y0rusy50 ca
101 1 _arus
_ceng
102 _aRU
105 _ay|||z 000ay
181 0 _ai
_baxxe
182 0 _an
200 1 _aСделка
_e[роман]
_fЭль Кеннеди
_g[пер. с англ. А. Славянской]
203 _aТекст
_bвизуальный
_cнепосредственный
210 _aМосква
_cАСТ
_d2022
215 _a415 с.
_d21
225 1 _aЗапретное желание
333 _a18+
686 1 _aШ6(7К)167-440.4{Лх1960-18}
700 1 _7ca
_8rus
_aКеннеди
_bЭ.
_gЭль
_9165235
_3RU\NLR\AUTH\770165279
942 _cBOOK
980 _aNB
996 _aметка
_bnar